[Event "LTU-ch Men 2019"]
[Site "Vilnius"]
[Date "2019.03.18"]
[Round "6.6"]
[White "Mickevicius, Juras"]
[Black "Narmontas, Raimondas"]
[Result "1-0"]
[WhiteElo "2273"]
[BlackElo "2019"]
[Annotator "TA"]
[PlyCount "57"]
[EventDate "2019.??.??"]
[EventCountry "LTU"]
[SourceTitle "playchess.com"]
[Source "ChessBase"]
[SourceQuality "1"]

{[%evp 25,57,51,72,60,81,70,77,51,54,42,48,45,49,37,41,8,15,0,114,106,110,101,216,190,190,190,195,204,225,180,520,494,942,906]} 1. d4 Nf6 2. c4 c5 3. d5 b5 4. cxb5 a6 5. bxa6 g6 6. Nc3 Bg7 7. Nf3 Bxa6 8. g3 O-O 9. Bg2 d6 10. O-O Nbd7 11. Rb1 Qa5 12. Bd2 Rfb8 13. b3 Qc7 {LiveBook: 5 Games. A58: Benko/Volga Gambit: Lines with 5 bxa6} (13... Qa3 14. Bc1 {½-½ (18) Maiorov,N (2521)-Korneev,O (2553) Runavik 2017}) 14. Ne1 {[%cal Bf3e1,Be1c2,Bc2e3,Be3g2][%mdl 32]} Nb6 15. Nc2 Bb7 $146 {[%cal Rf6d5] White is slightly better.} ({Predecessor:} 15... h5 16. h3 Rc8 17. Ne3 Qa7 18. a4 Rab8 19. Kh2 Qa8 20. Be1 Bb7 21. b4 cxb4 22. Rxb4 Ba6 23. Ne4 Nc4 {½-½ (23) Lenz,J (2051)-Kues,H (2137) Hessen 2017}) 16. Ne3 e6 17. dxe6 fxe6 18. Bxb7 Rxb7 19. Qc2 d5 20. Ng2 Qd7 21. a4 {[%cal Ba2a4,Ba4a5][%mdl 32]} e5 (21... c4 $11 {keeps the balance.}) 22. a5 $16 Qh3 {[#] ( -> ...Ng4)} 23. f3 $1 ({Not} 23. Ne3 d4 $15) 23... Nbd7 (23... Rxa5 $16 {was worth a try.} 24. Ne4 Ra8 25. Nxc5 Rba7) 24. e4 d4 25. Na4 {[%cal Bc3a4,Ba4b2,Bb2d3,Bd3f2][%mdl 32]} Bf8 26. Qc4+ Kg7 27. Nb2 {Strongly threatening Nd3.} Bd6 $2 {[#]} (27... Re8 {is more resistant.} 28. Ne1 h6) 28. Nd3 $18 Kf8 (28... Rab8 $142 29. Nf2 Nb6 30. axb6 (30. Nxh3 $2 {perishes.} Nxc4 31. Rfd1 Rxb3 $19) 30... Qc8) 29. Nf2 {Precision: White = 80%, Black = 36%.} 1-0

[Event "LTU-ch Men 2019"]
[Site "Vilnius"]
[Date "2019.03.18"]
[Round "6.7"]
[White "Kaunas, Kestutis"]
[Black "Butvilas, Aistis"]
[Result "1-0"]
[WhiteElo "2156"]
[BlackElo "1983"]
[Annotator "TA"]
[PlyCount "113"]
[EventDate "2019.??.??"]
[EventCountry "LTU"]
[SourceTitle "playchess.com"]
[Source "ChessBase"]
[SourceQuality "1"]

{[%evp 12,113,25,6,10,5,33,-4,43,0,23,22,21,15,11,16,17,9,25,26,21,-9,33,29,76,70,97,99,101,81,84,89,115,84,104,74,82,62,113,105,89,62,104,87,242,242,242,242,245,245,245,245,339,268,339,334,339,339,625,625,625,625,744,743,722,712,847,806,850,786,812,741,835,498,498,498,498,491,483,483,769,716,683,483,687,680,642,602,786,752,1101,1148,1117,1034,1166,1167,1638,1566,29969,1655,1582,1572,29986,29987]} 1. d4 Nf6 2. c4 e6 3. Nf3 b6 4. a3 Bb7 5. Nc3 g6 6. Bg5 Bg7 7. e3 O-O {E12: Queen's Indian: Unusual White 4th moves, 4 a3, 4 Nc3 Bb7 5 a3 and 4 Nc3 Bb7} (7... h6 8. Bh4 O-O 9. Bd3 d6 10. O-O Nbd7 11. e4 g5 12. Bg3 Nh5 13. d5 Nxg3 14. hxg3 c6 15. Bc2 {0-1 (38) Blees,A (2374)-Nikolic,P (2598) Netherlands 2017}) 8. Be2 d6 9. O-O Nbd7 {The position is equal.} 10. Qc2 h6 11. Bh4 g5 12. Bg3 Nh5 13. Rad1 Nxg3 $146 ({Predecessor:} 13... Qe7 14. Nd2 Nxg3 15. hxg3 c6 16. Rfe1 f5 17. b4 Qf7 18. Qb3 Nf6 19. a4 Rad8 20. Qa3 g4 21. a5 Bc8 22. Qa2 {½-½ (22) Prizant,J (2483)-Tomashevsky,E (2444) Essentuki 2003}) 14. hxg3 f5 15. Nh2 Qe7 16. d5 e5 17. e4 fxe4 18. Nxe4 Nf6 19. Ng4 Nxe4 20. Qxe4 {Threatens to win with Bd3.} Bc8 21. Ne3 Bf6 22. Bd3 Qg7 23. b4 {[%cal Bb2b4,Bb4b5][%mdl 32]} Be7 24. c5 Bd7 (24... h5 $14) 25. c6 $16 Bc8 26. f3 a5 27. b5 $36 {[%mdl 2048] White has strong initiative.} Bf6 $2 (27... h5 $16) 28. g4 $18 Be7 29. g3 Bf6 30. Kg2 Be7 31. a4 Bf6 32. Rh1 Be7 33. Rh5 Rf6 34. Rdh1 Bf8 $2 {[#]} (34... Rb8 35. Bc2 Kf7) 35. Rxg5 $3 {[%mdl 512]} hxg5 (35... Qxg5 36. Qh7#) 36. Rh7 {[%mdl 64] Trapped Piece} Rh6 37. Rxg7+ Bxg7 38. Nc4 Rb8 39. Qe3 Bf6 40. Nd2 Kg7 41. Ne4 Bf5 42. gxf5 Rbh8 43. Qg1 Kf7 44. Nf2 R6h7 45. Ng4 Rh5 (45... Re8 $142 46. Qe3 Reh8) 46. Be2 R5h7 47. Qa1 Re8 (47... Rg7 $142 48. Qb1 Rgh7) 48. f4 gxf4 49. gxf4 Rg8 50. Kf2 Rxg4 51. Bxg4 Rh2+ 52. Kg1 Rh4 53. Qd1 exf4 54. Kg2 Be5 {[#]} 55. Kf3 (55. f6 $142 $1 Kxf6 (55... Bxf6 56. Kf3) 56. Kf3 Rh2 57. Qb1 Kg7 58. Qf5 Kh6 59. Qf7 Kg5 60. Qxc7) 55... Kf6 56. Qg1 Rh6 {[#]} 57. Bh5 $1 {Accuracy: White = 77%, Black = 36%.} 1-0

[Event "LTU-ch Men 2019"]
[Site "Vilnius"]
[Date "2019.03.18"]
[Round "6.8"]
[White "Bagvilas, Lukas"]
[Black "Eigminas, Kipras"]
[Result "0-1"]
[WhiteElo "1973"]
[BlackElo "2034"]
[Annotator "NA RC"]
[PlyCount "60"]
[EventDate "2019.??.??"]
[EventCountry "LTU"]
[SourceTitle "playchess.com"]
[Source "ChessBase"]
[SourceQuality "1"]
[TimeControl "5400+30"]

1. e4 {[%emt 0:00:00]} c5 {[%emt 0:00:00]} 2. Nc3 {[%emt 0:00:00]} Nc6 {[%emt 0:00:00]} 3. g3 {[%emt 0:00:00]} g6 {[%emt 0:00:00]} 4. Bg2 {[%emt 0:00:00]} Bg7 {[%emt 0:00:00]} 5. d3 {[%emt 0:00:00]} d6 {[%emt 0:00:00]} 6. f4 {[%emt 0:00:00]} e6 {[%emt 0:00:30]} 7. Nf3 {[%emt 0:00:02]} Nge7 {[%emt 0:00:04]} 8. O-O {[%emt 0:00:07]} O-O {[%emt 0:00:03]} 9. Ne2 {[%emt 0:07:33]} Rb8 {[%emt 0:01:25]} 10. c3 {[%emt 0:00:54]} b5 {[%emt 0:01:32]} 11. a3 {[%emt 0:00:46]} a5 {[%emt 0:02:05]} 12. d4 {[%emt 0:01:09]} b4 {[%emt 0:01:40]} 13. axb4 {[%emt 0:00:06]} axb4 {[%emt 0:00:16]} 14. Be3 {[%emt 0:04:16]} bxc3 {[%emt 0:05:10]} 15. bxc3 {[%emt 0:00:02]} cxd4 {[%emt 0:00:04]} 16. cxd4 {[%emt 0:00:06]} Nb4 {[%emt 0:00:03]} 17. Qd2 {[%emt 0:01:56]} Ba6 {[%emt 0:05:43]} 18. Rfb1 {[%emt 0:01:32]} Nec6 {[%emt 0:00:01]} 19. Rc1 {[%emt 0:09:27]} Na5 {[%emt 0:03:23]} 20. Rab1 {[%emt 0:07:09]} Nc4 {[%emt 0:00:34]} 21. Rxc4 {[%emt 0:12:57]} Bxc4 {[%emt 0:00:16]} 22. Rxb4 {[%emt 0:00:03]} Rxb4 {[%emt 0:00:17]} 23. Qxb4 {[%emt 0:00:05]} Bxe2 {[%emt 0:00:06]} 24. Qd2 {[%emt 0:05:14]} Bc4 {[%emt 0:01:55]} 25. Qc2 {[%emt 0:09:27]} Qc8 {[%emt 0:04:56]} 26. Bh3 {[%emt 0:00:05]} Qa6 {[%emt 0:00:19]} 27. f5 {[%emt 0:05:11]} Bd3 {[%emt 0:04:11]} 28. Qc7 {[%emt 0:00:57]} Bxe4 {[%emt 0:03:56]} 29. fxe6 {[%emt 0:00:05]} fxe6 {[%emt 0:00:33]} 30. Ne1 {[%emt 0:09:25]} Qe2 {[%emt 0:03:41]} 0-1

[Event "LTU-ch Men 2019"]
[Site "Vilnius"]
[Date "2019.03.18"]
[Round "6.9"]
[White "Stauskas, Lukas"]
[Black "Koliasnikovas, Aironas"]
[Result "1-0"]
[WhiteElo "2357"]
[BlackElo "1860"]
[Annotator "TA"]
[PlyCount "119"]
[EventDate "2019.??.??"]
[EventCountry "LTU"]
[SourceTitle "playchess.com"]
[Source "ChessBase"]
[SourceQuality "1"]

{[%evp 15,119,5,12,1,8,-12,-11,-56,-33,-47,6,6,3,15,0,0,54,50,61,50,45,40,61,36,35,23,66,54,66,56,75,33,69,49,51,44,41,37,62,11,77,-8,15,-32,0,0,12,0,44,47,30,12,119,124,117,64,80,12,76,0,1,1,1,1,1,1,10,10,34,34,41,9,12,12,18,3,18,18,96,96,468,96,100,100,103,104,104,104,1183,1156,1137,1204,1022,994,2772,1647,29973,29974,29981,29976,29985,29986,29988,29989,29989,1060]} 1. d4 e6 2. c4 b6 3. Nf3 Bb7 4. g3 Nf6 5. Bg2 Bb4+ 6. Nbd2 c5 7. dxc5 Bxc5 8. O-O O-O 9. a3 {E16: Queen's Indian: 4 g3 Bb7 5 Bg2 Bb4+} (9. b3 Be7 10. Bb2 d6 11. Nd4 Qc8 12. e4 Nc6 13. Qe2 Nd7 14. Rfd1 Re8 15. Rac1 Nxd4 16. Bxd4 Bc6 {½-½ (87) Matlakov,M (2700)-Karjakin,S (2753) St Petersburg 2018}) 9... a5 10. Qc2 Nc6 11. e4 $146 {The position is equal.} ({Predecessor:} 11. Ne4 Nxe4 12. Qxe4 d5 13. cxd5 exd5 14. Qc2 {½-½ (15) Tieken,F (2200)-Geus,J (2202) ICCF email 2016}) 11... Qc7 12. b3 Nd4 (12... Ng4 $15) 13. Nxd4 $11 Bxd4 14. Bb2 Bxb2 15. Qxb2 d5 (15... d6 $11) 16. cxd5 $14 exd5 17. Rac1 $36 {[%mdl 2048] White is pushing.} Qe7 {[%cal Rd5e4]} 18. e5 Nd7 19. Rfe1 (19. Rc7 $5 {[%cal Rc7b7]} Rab8 20. f4 $14) 19... Nc5 20. Qd4 Qe6 21. b4 axb4 22. axb4 Ra4 23. Bf3 Na6 24. Rb1 Nc7 25. Rec1 Nb5 26. Qd3 Bc6 27. Rb3 ({White should try} 27. Bg4 $14 Qe8 28. Nf3) 27... Raa8 (27... Ra2 $11) 28. Kg2 (28. Bg4 $1 $16 {[%cal Rg4e6]} Qxg4 29. Rxc6) 28... Rfd8 29. h3 g6 30. Kh2 h5 31. Bg2 Rac8 32. Nf3 Be8 33. Nd4 Qd7 (33... Nxd4 $11 34. Rxc8 Rxc8 35. Qxd4 Bd7) 34. Rxc8 Rxc8 35. Nxb5 (35. e6 $16 fxe6 36. Nxe6 $1 {[%mdl 512]}) 35... Qxb5 36. Qxd5 (36. Qd2 $16) 36... Bc6 (36... Rc2 $11) 37. Qd3 (37. Qd6 $16 {Strongly threatening Rc3.} Bxg2 38. Kxg2) 37... Qxd3 38. Rxd3 Bxg2 39. Kxg2 $11 {[%mdl 4096] Endgame And now Rd6 would win. KR-KR} Rc4 40. Rb3 Re4 41. f4 Kf8 42. Kf3 Rc4 43. g4 hxg4+ 44. Kxg4 Ke7 45. Kg5 Ke6 46. b5 {aiming for Rd3.} Rc5 (46... Rc2 $11 {keeps the balance.}) 47. h4 $16 Rd5 $2 {[%mdl 8192]} (47... Ke7 $16 {is tougher.}) 48. Rb4 $2 (48. Rc3 $18 {is more deadly.}) 48... Rc5 49. Rd4 Rxb5 50. Rd6+ Ke7 51. Kh6 {Kg7 is the strong threat.} Rb4 $2 {[%mdl 8192] [#]} (51... Kf8 $16) 52. Rf6 $1 $18 Rb1 53. Kg7 b5 54. Rxf7+ Ke8 55. Kxg6 b4 56. Rb7 {White mates.} b3 57. Kf6 b2 58. e6 {[%cal Rb7b8]} Kd8 59. e7+ Kc8 60. e8=Q+ {Accuracy: White = 36%, Black = 27%.} 1-0

[Event "LTU-ch Men 2019"]
[Site "Vilnius"]
[Date "2019.03.18"]
[Round "6.10"]
[White "Sakalauskas, Vaidas"]
[Black "Jablokov, Dmitrij"]
[Result "1-0"]
[WhiteElo "2346"]
[BlackElo "1859"]
[Annotator "TA"]
[PlyCount "57"]
[EventDate "2019.??.??"]
[EventCountry "LTU"]
[SourceTitle "playchess.com"]
[Source "ChessBase"]
[SourceQuality "1"]

{[%evp 30,57,14,24,248,247,241,237,237,254,266,254,290,273,282,265,240,240,342,335,342,316,319,342,339,343,335,335,350,375]} 1. d4 Nf6 2. c4 g6 3. Nc3 d5 4. Bf4 Bg7 5. e3 O-O 6. Nf3 c5 7. dxc5 Qa5 8. Rc1 dxc4 9. Bxc4 Qxc5 10. Bb3 Nc6 11. O-O Qa5 12. h3 Bf5 13. Qe2 Ne4 14. Nd5 e5 15. Bh2 Nc5 {D93: Grünfeld: 4 Nf3 Bg7 5 Bf4 0-0 6 e3} (15... Be6 16. Rfd1 Rfd8 17. Qc4 Nf6 18. e4 Rac8 19. Ng5 Nd4 20. Ne7+ Kf8 21. Nxe6+ Kxe7 22. Nxd8 Rxc4 23. Bxc4 Nxe4 24. Nxf7 Qc5 25. Re1 Nf3+ 26. gxf3 Qxf2+ 27. Kh1 Qxf3+ 28. Kg1 Qf2+ {½-½ (28) Turov,M (2610)-Rakhmanov,A (2669) Finland 2018}) 16. Bc4 {LiveBook: 16 Games. Threatens to win with b4!} Rad8 $2 {[#]} (16... e4 $11 17. Nd4 Nxd4 18. exd4 Nd3) 17. b4 $1 $18 {[%cal Rb4a5][%mdl 512]} Nxb4 {White is clearly better.} 18. Ne7+ Kh8 {...Bd3 is the strong threat.} 19. Nxf5 ({Stronger than} 19. Bxe5 Bd3 $11) 19... gxf5 20. Nxe5 (20. Bxe5 $6 Ne4 $18) 20... Ne6 {[#]} 21. Nxf7+ $1 {[%mdl 512]} Rxf7 22. Bxe6 Re7 $146 ({Predecessor:} 22... Rff8 23. Bc7 {1-0 (23) Arutinian,D (2556)-Dubrovin,R (2168) Pardubice 2012}) 23. Bc4 Nc6 (23... Be5 {was called for.} 24. Rfd1 Rf8 25. Bxe5+ Qxe5) 24. Rfd1 {White has a decisive advantage.} Red7 25. Be6 Rd2 26. Rxd2 Qxd2 27. Qxd2 Rxd2 28. Bf4 ({But not} 28. Bxf5 Rxa2 29. Kf1 a5 $18) 28... Bb2 29. Rc5 1-0

[Event "LTU-ch Men 2019"]
[Site "Vilnius"]
[Date "2019.03.18"]
[Round "6.11"]
[White "Pluta, Paulius"]
[Black "Juksta, Karolis"]
[Result "1/2-1/2"]
[WhiteElo "1846"]
[BlackElo "2281"]
[Annotator "TA"]
[PlyCount "97"]
[EventDate "2019.??.??"]
[EventCountry "LTU"]
[SourceTitle "playchess.com"]
[Source "ChessBase"]
[SourceQuality "1"]

{[%evp 17,97,25,35,21,58,50,67,61,53,25,47,28,83,46,110,65,93,15,75,77,86,63,62,59,474,461,453,454,470,458,516,512,514,491,522,524,523,516,518,498,514,516,505,499,607,606,581,577,669,640,668,661,687,676,900,368,536,161,161,161,1250,125,125,103,106,108,104,93,241,141,155,0,0,0,0,0,0,0,0,0,0,0]} 1. e4 e6 2. d4 d5 3. Nc3 Nf6 4. Bg5 Be7 5. e5 Nfd7 6. Bxe7 Qxe7 7. f4 a6 8. Nf3 b6 9. Qd2 c5 10. Nd1 {C14: French: Classical System: 4 Bg5 Be7 main line} (10. O-O-O c4 11. f5 b5 12. Qg5 Qxg5+ 13. Nxg5 Nb6 14. fxe6 Bxe6 15. Nxe6 fxe6 16. g3 Nc6 17. Bh3 Ke7 18. Ne2 {0-1 (27) Pluta,P (1751)-Juksta,K (2090) Klaipeda 2017}) 10... Bb7 (10... cxd4 11. Nxd4 f6 12. exf6 Qxf6 13. g3 Nc5 14. Nf2 O-O 15. Bg2 Bb7 16. O-O-O Nc6 17. Rhe1 Nxd4 18. Qxd4 {1-0 (55) Kokarev,D (2639)-Ulybin,M (2523) Kazan 2013}) 11. c3 Nc6 12. Bd3 {White is slightly better.} O-O 13. Ne3 $146 ({Predecessor:} 13. O-O Rac8 14. f5 f6 15. fxe6 Qxe6 16. Ne3 g6 17. dxc5 bxc5 18. exf6 Nxf6 19. Rae1 Qd6 20. a3 Rce8 21. b4 Ne5 22. Nxe5 Rxe5 23. Nc2 Rxe1 {½-½ (23) Thielen,D (2260)-Sergel,C (2223) ICCF email 1998}) 13... f6 14. O-O fxe5 (14... cxd4 $11 15. cxd4 Qb4) 15. fxe5 b5 (15... a5 $14) 16. a3 Nb6 17. dxc5 (17. Bc2 $16) 17... Nd7 (17... Nc4 $11 {remains equal.} 18. Bxc4 bxc4) 18. b4 $16 Ncxe5 19. Nxe5 Nxe5 20. Rae1 Nd7 $2 {[%mdl 8192] [#]} ({Black should play} 20... Qg5 $14) 21. Nf5 $1 $18 {[%cal Rf5e7][%mdl 512]} Rxf5 (21... exf5 22. Rxe7) 22. Bxf5 Nf8 23. Bg4 Re8 24. Rf2 e5 25. Ref1 Bc6 26. Bh5 Ng6 27. Bxg6 hxg6 28. Qd3 Qg5 29. Qg3 Qxg3 30. hxg3 {[%mdl 4096] Endgame KRR-KRB} a5 31. Rf7 axb4 32. axb4 d4 33. cxd4 exd4 34. Rc7 Be4 35. Rd7 d3 36. Rd1 (36. Re1 $142 Kf8 37. Rd4) 36... Ra8 (36... Bf5 {is a better defense.}) 37. R1xd3 $2 (37. Rd4 Bf5 38. g4) 37... Bxd3 38. Rxd3 {KR-KR} Ra4 $2 (38... Kf8 39. Rd6 Ra1+ 40. Kf2 Rb1) 39. c6 $2 (39. Rc3 $18 {and the rest is easy.} Ra8 40. Kf2) 39... Ra1+ $16 40. Kf2 Rc1 41. Rd6 Rc4 42. Ke3 ({But not} 42. Rxg6 $6 Rxb4 43. Ke3 Rc4 $11) 42... g5 {[#]} (42... Kf8 $16 {was necessary.}) 43. Rd8+ (43. Kd3 $1 $18) 43... Kh7 {[#]} 44. c7 $2 (44. Rd5 $1 $16 {[%cal Rd5c5] Strongly threatening Rc5.} Rxc6 45. Rxg5) 44... Rxc7 $11 {The position is equal.} 45. Rb8 Rc3+ 46. Kf2 Rc2+ 47. Kg1 Rc1+ 48. Kf2 Rc2+ 49. Kg1 {Accuracy: White = 42%, Black = 22%.} 1/2-1/2

[Event "LTU-ch Men 2019"]
[Site "Vilnius"]
[Date "2019.03.18"]
[Round "6.12"]
[White "Juknis, Paulius"]
[Black "Voronov, Vadim"]
[Result "1-0"]
[WhiteElo "2219"]
[BlackElo "1784"]
[Annotator "TA"]
[PlyCount "115"]
[EventDate "2019.??.??"]
[EventCountry "LTU"]
[SourceTitle "playchess.com"]
[Source "ChessBase"]
[SourceQuality "1"]

{[%evp 9,115,4,28,0,0,0,0,2,21,21,33,33,31,27,30,32,39,50,51,45,54,33,48,41,31,43,91,76,86,81,75,71,102,60,60,50,70,35,81,93,105,99,72,43,123,106,104,116,146,75,103,81,137,95,97,77,68,59,59,58,90,72,138,138,137,146,156,141,159,130,176,163,195,184,252,181,168,164,400,423,743,705,607,668,635,628,837,837,805,752,2010,1746,29976,29977,29967,29968,5114,5097,29980,29982,29983,29984,29991,29983,29986,29987,29992,29993]} 1. d4 d5 2. Bf4 Nf6 3. e3 c5 4. c3 Nc6 5. Nd2 cxd4 (5... Qb6 6. Qb3 Nh5 7. Qxb6 axb6 8. Bc7 cxd4 9. exd4 e5 10. Bxe5 Nxe5 11. dxe5 Bc5 12. g3 O-O {1-0 (76) Aronian,L (2765)-Caruana,F (2832) London 2018}) 6. exd4 {D00: 1 d4 d5: Unusual lines} Bf5 7. Qb3 Qc8 8. Ngf3 {The position is equal.} e6 9. Nh4 Be4 10. Nxe4 dxe4 11. g3 Be7 12. Ng2 O-O 13. Be2 $146 a6 14. O-O b5 15. a3 Nd5 16. Bd2 Qc7 17. Rae1 Bd6 18. Bd1 f5 19. f3 Na5 20. Qc2 Nf6 21. Bg5 {And now Bxf6 would win.} exf3 22. Bxf3 Rae8 23. Re2 h6 24. Bf4 g5 25. Bxd6 Qxd6 26. Ne1 Nd5 (26... Nc4 $14) 27. Nd3 $16 Nc4 {[#] Threatens to win with ...Nde3.} 28. Rfe1 Rf6 29. Ne5 (29. b3 $142 Nxa3 30. Qb2) 29... Nxe5 30. Rxe5 Ref8 (30... Ne7 $142) 31. Bxd5 exd5 32. Qb3 Rd8 33. Re8+ Rxe8 34. Rxe8+ $14 {[%mdl 4096] Endgame KQR-KQR} Kf7 35. Re5 Kg6 (35... f4 $142) 36. Qxd5 $16 ({Don't blunder} 36. Rxd5 $2 Qe6 $19) 36... Qxd5 37. Rxd5 {KR-KR} Re6 38. Kf2 Kf6 39. Rc5 Rb6 40. b3 a5 41. Ke3 b4 (41... Re6+ {was called for.} 42. Kd3 Rb6) 42. axb4 ({Less strong is} 42. Rxa5 bxc3 43. Kd3 Rxb3 $11) 42... axb4 43. c4 h5 $2 {[#]} (43... Re6+ {was worth a try.} 44. Kf3 g4+ 45. Kf2 Ra6) 44. d5 $18 Ke5 (44... Rb8 $142 45. Rc6+ Kf7) 45. Rc6 f4+ 46. gxf4+ gxf4+ 47. Kf3 Rb8 48. d6 Ke6 49. c5 Ra8 50. Rc7 Ra3 51. d7 Rxb3+ 52. Kxf4 Rd3 53. c6 b3 54. Rb7 {White mates.} Ke7 55. Rb8 b2 56. Rxb2 Rd4+ 57. Ke5 Rc4 58. Rb8 {Accuracy: White = 72%, Black = 30%.} 1-0

[Event "LTU-ch Men 2019"]
[Site "Vilnius"]
[Date "2019.03.18"]
[Round "6.13"]
[White "Boyajyan, David"]
[Black "Steponavicius, Stasys"]
[Result "0-1"]
[WhiteElo "1868"]
[BlackElo "2194"]
[Annotator "TA"]
[PlyCount "96"]
[EventDate "2019.??.??"]
[EventCountry "LTU"]
[SourceTitle "playchess.com"]
[Source "ChessBase"]
[SourceQuality "1"]

{[%evp 22,96,27,2,14,1,2,5,9,0,0,-7,-3,-35,-38,-47,0,-55,-45,-48,-50,-66,-66,-64,12,9,0,0,29,18,20,0,0,0,0,0,0,0,0,0,12,8,25,0,0,0,0,-19,-18,-16,-16,-32,-16,-30,-34,-2131,-73,-260,-196,-196,-186,-496,-475,-665,-651,-29974,-29975,-29975,-29976,-29976,-29977,-29982,-29983,-29983,-29984,-29984,-29985]} 1. d4 Nf6 2. Nf3 b6 3. g3 Bb7 4. Bg2 e6 5. c4 Be7 6. O-O O-O 7. Nc3 Ne4 8. Bd2 f5 9. Qc2 Nxc3 {E18: Queen's Indian: Old Main Line (4 g3 Bb7 5 Bg2 Be7 6 0-0 0-0 7 Nc3)} 10. Bxc3 (10. Qxc3 Bf6 11. Rad1 Nc6 12. Qe3 Ne7 13. Bc3 Qe8 14. Ne1 Bxg2 15. Nxg2 Ng6 16. Qd3 Rd8 17. e4 fxe4 18. Qxe4 {½-½ (41) Aronian,L (2780)-Ivanchuk,V (2757) Leuven 2017}) 10... Be4 11. Qd1 Bf6 12. Rc1 {LiveBook: 3 Games} d6 13. Nd2 $146 ({Predecessor:} 13. b4 d5 14. Qb3 dxc4 15. Qxc4 Bd5 16. Qd3 Bxa2 17. e4 fxe4 18. Qxe4 Bd5 {0-1 (28) Lopez Martinez,J (2280)-Rahal,M (2365) Barcelona 1996}) 13... Bxg2 14. Kxg2 c5 15. dxc5 dxc5 16. Nf3 Nc6 17. Qc2 Qe7 18. Rfd1 Rad8 19. a3 ({White should try} 19. Rxd8 $11 Rxd8 20. Bxf6 gxf6 21. Rd1) 19... Bxc3 $1 $15 20. Qxc3 e5 {[%cal Be6e5,Be5e4][%mdl 32]} 21. Rd5 e4 22. Ng1 Rxd5 (22... f4 $15) 23. cxd5 $11 Ne5 24. Nh3 Rd8 25. Rd1 Ng6 26. Nf4 Nxf4+ 27. gxf4 {[%mdl 4096] Endgame KQR-KQR} Qd6 28. Qe5 g6 29. h4 {[%cal Bh2h4,Bh4h5][%mdl 32]} Kf7 30. h5 Qxe5 31. fxe5 {KR-KR} Re8 $1 {[%cal Re8e5]} (31... gxh5 32. Kg3 $14) 32. e6+ Kf6 33. hxg6 hxg6 34. f4 Ke7 35. Kg3 Rh8 36. e3 Kd6 37. Kg2 b5 38. Rh1 $2 {[%mdl 8192] [#]} (38. Kg3 $15) 38... Re8 $2 (38... Rxh1 $19 {is more deadly.} 39. Kxh1 b4 40. axb4 cxb4) 39. Rh7 $2 (39. Rd1 $17) 39... Kxd5 $19 40. Rxa7 Rxe6 41. Kf2 $2 (41. b3 {was the crucial defense.}) 41... Kc4 42. Ke2 {If White can now play Rc7 this consolidates a bit.} Rd6 43. a4 b4 {[%cal Bb5b4,Bb4b3][%mdl 32] Black mates.} 44. a5 Kb3 45. a6 Kxb2 46. Rc7 Rxa6 47. Rxc5 b3 48. Kd2 Ka2 {Precision: White = 26%, Black = 62%.} 0-1

[Event "LTU-ch Men 2019"]
[Site "Vilnius"]
[Date "2019.03.18"]
[Round "6.14"]
[White "Mickus, Benas"]
[Black "Stremavicius, Pijus"]
[Result "0-1"]
[WhiteElo "1835"]
[BlackElo "2079"]
[Annotator "NA RC"]
[PlyCount "70"]
[EventDate "2019.??.??"]
[EventCountry "LTU"]
[SourceTitle "playchess.com"]
[Source "ChessBase"]
[SourceQuality "1"]
[TimeControl "5400+30"]

1. d4 {[%emt 0:00:00]} d6 {[%emt 0:00:00]} 2. Bg5 {[%emt 0:00:46]} c5 {[%emt 0:01:17]} 3. dxc5 {[%emt 0:02:03]} Qa5+ {[%emt 0:00:05]} 4. Nc3 {[%emt 0:00:38]} Qxc5 {[%emt 0:00:12]} 5. Qd2 {[%emt 0:01:30]} h6 {[%emt 0:01:46]} 6. Be3 {[%emt 0:05:17]} Qc7 {[%emt 0:00:07]} 7. O-O-O {[%emt 0:01:36]} Nf6 {[%emt 0:00:16]} 8. h3 {[%emt 0:03:47]} a6 {[%emt 0:00:46]} 9. g4 {[%emt 0:01:34]} b5 {[%emt 0:00:11]} 10. Bg2 {[%emt 0:01:55]} Bb7 {[%emt 0:01:01]} 11. Bxb7 {[%emt 0:16:30]} Qxb7 {[%emt 0:00:02]} 12. Nf3 {[%emt 0:00:10]} Nbd7 {[%emt 0:01:06]} 13. Rdg1 {[%emt 0:09:25]} Nb6 {[%emt 0:11:00]} 14. Bxb6 {[%emt 0:04:46]} Qxb6 {[%emt 0:00:08]} 15. e4 {[%emt 0:00:14]} e6 {[%emt 0:01:07]} 16. Re1 {[%emt 0:01:06]} Be7 {[%emt 0:00:55]} 17. Rhg1 {[%emt 0:03:39]} b4 {[%emt 0:03:14]} 18. Nd1 {[%emt 0:02:06]} Qc6 {[%emt 0:04:25]} 19. Nd4 {[%emt 0:02:36]} Qc5 {[%emt 0:02:39]} 20. f4 {[%emt 0:11:21]} d5 {[%emt 0:02:04]} 21. exd5 {[%emt 0:08:52]} Nxd5 {[%emt 0:00:16]} 22. Nb3 {[%emt 0:02:44]} Qc4 {[%emt 0:02:05]} 23. Rgf1 {[%emt 0:08:39]} Rc8 {[%emt 0:00:53]} 24. Kb1 {[%emt 0:01:11]} O-O {[%emt 0:02:15]} 25. Qe2 {[%emt 0:03:33]} Bh4 {[%emt 0:01:14]} 26. Qxc4 {[%emt 0:04:02]} Rxc4 {[%emt 0:00:02]} 27. Re2 {[%emt 0:02:14]} Rxf4 {[%emt 0:00:33]} 28. Rxf4 {[%emt 0:00:20]} Nxf4 {[%emt 0:00:04]} 29. Re3 {[%emt 0:00:04]} Rd8 {[%emt 0:00:10]} 30. Kc1 {[%emt 0:00:50]} Bg5 {[%emt 0:00:05]} 31. Nd2 {[%emt 0:01:13]} Nxh3 {[%emt 0:00:15]} 32. c4 {[%emt 0:00:38]} bxc3 {[%emt 0:00:15]} 33. bxc3 {[%emt 0:00:06]} Bxe3 {[%emt 0:00:06]} 34. Nxe3 {[%emt 0:00:02]} Rd3 {[%emt 0:00:15]} 35. Nd1 {[%emt 0:00:32]} f5 {[%emt 0:00:07]} 0-1